Effect of herbicides and planting technique on mediem rice variety (Phka chan sen sar) at royal university of agriculture, ឥទ្ទិពលនៃថ្នាំកំចាត់ស្មៅចង្រៃនិងបច្ចេកទេសដាំដុះទៅលើពូជស្រូវផ្កាចន្ទ័សែនសរនៅសាកលវិទ្យាល័យភូមិន្ទកសិកម្ម (Record no. 7024)

000 -LEADER
fixed length control field 00821nam a22001337a 4500
040 ## - CATALOGING SOURCE
Transcribing agency RUA
082 ## - DEWEY DECIMAL CLASSIFICATION NUMBER
Classification number AGR OUK 2014 B431 Or.1
100 ## - MAIN ENTRY--AUTHOR NAME
Personal name OUKCHIM RATHA អ៊ុកជីម រដ្ឋា
245 ## - TITLE STATEMENT
Title Effect of herbicides and planting technique on mediem rice variety (Phka chan sen sar) at royal university of agriculture, ឥទ្ទិពលនៃថ្នាំកំចាត់ស្មៅចង្រៃនិងបច្ចេកទេសដាំដុះទៅលើពូជស្រូវផ្កាចន្ទ័សែនសរនៅសាកលវិទ្យាល័យភូមិន្ទកសិកម្ម
260 ## - PUBLICATION, DISTRIBUTION, ETC. (IMPRINT)
Place of publication Phnom Penh
Name of publisher RUA
Year of publication 2016
300 ## - PHYSICAL DESCRIPTION
Number of Pages xi; 64p.
Other physical details ill.
Dimensions 29cm.
856 ## - ELECTRONIC LOCATION AND ACCESS
Uniform Resource Identifier https://drive.google.com/file/d/15G3d-axj4EsVF3wAd5LTj7qr8garT2eG/view?usp=sharing
942 ## - ADDED ENTRY ELEMENTS (KOHA)
Koha item type AGR
952 ## - LOCATION AND ITEM INFORMATION (KOHA)
Withdrawn status [LOCAL, KOHA] 0
952 ## - LOCATION AND ITEM INFORMATION (KOHA)
Withdrawn status [LOCAL, KOHA] 0
952 ## - LOCATION AND ITEM INFORMATION (KOHA)
Withdrawn status [LOCAL, KOHA] 0
952 ## - LOCATION AND ITEM INFORMATION (KOHA)
Withdrawn status [LOCAL, KOHA] 0
952 ## - LOCATION AND ITEM INFORMATION (KOHA)
Withdrawn status [LOCAL, KOHA] 0
952 ## - LOCATION AND ITEM INFORMATION (KOHA)
Withdrawn status [LOCAL, KOHA] 0
952 ## - LOCATION AND ITEM INFORMATION (KOHA)
Withdrawn status [LOCAL, KOHA] 0
952 ## - LOCATION AND ITEM INFORMATION (KOHA)
Withdrawn status [LOCAL, KOHA] 0
952 ## - LOCATION AND ITEM INFORMATION (KOHA)
Withdrawn status [LOCAL, KOHA] 0
952 ## - LOCATION AND ITEM INFORMATION (KOHA)
Withdrawn status [LOCAL, KOHA] 0
Holdings
Permanent Location Date acquired Koha item type Lost status Shelving location Barcode Current Location Full call number
Library Block B2016-02-24AGR B431RUA051619Library Block BAGR OUK 2014 B431 Or.1
Library Block B2016-02-24AGR B431RUA051599Library Block BAGR OUK 2014 B431 Or.2
Library Block B2016-02-24AGR B431RUA051010Library Block BAGR OUK 2014 B431 Or.3
Library Block B2016-02-24AGR B431RUA051002Library Block BAGR OUK 2014 B431 Or.4
Library Block B2016-02-24AGR B431RUA051742Library Block BAGR OUK 2014 B431 Or.5
Library Block B2016-02-24AGR B431RUA051748Library Block BAGR OUK 2014 B431 Or.6
Library Block B2016-02-24AGR B431RUA051990Library Block BAGR OUK 2014 B431 Or.7
Library Block B2016-02-24AGR B431RUA050751Library Block BAGR OUK 2014 B431 Or.8
Library Block B2021-12-17AGR B043a066132Library Block BAGR OUK 2014 B043 Or.1
Library Block B2021-12-17AGR B043a066192Library Block BAGR OUK 2014 B043 Or.1
មជ្ឈមណ្ឌលឯការនៃសាកលវិទ្យាល័យភូមិន្ទកសិកម្មចំការដូង

Powered by Koha